Todos los equipos que enfrentó Independiente por Copa Sudamericana - Estadísticas

Estadísticas generales
  • Esta prueba ha sido intentada 20 veces
  • La puntuación promedio es 14 de 39
Estadísticas de respuestas
País Equipo % Correcto
Argentina Boca Juniors
79%
Brasil Flamengo
79%
Argentina Lanús
79%
Argentina River Plate
79%
Argentina Atlético Tucumán
71%
Paraguay Nacional
71%
Chile Universidad de Chile
71%
Paraguay Olimpia
57%
Argentina Argentinos Juniors
50%
Brasil Goiás
50%
Ecuador Independiente del Valle
50%
Paraguay Libertad
50%
Argentina Estudiantes de La Plata
43%
Chile Universidad Católica
43%
Ecuador Universidad Católica
43%
Perú Alianza Lima
36%
Argentina Arsenal
36%
Uruguay Boston River
36%
Bolivia Nacional Potosí
36%
Uruguay Defensor Sporting
29%
Brasil Fortaleza
29%
Ecuador Liga de Quito
29%
Uruguay Liverpool
29%
Argentina Rosario Central
29%
Brasil Santos
29%
Brasil Bahía
21%
Chile Deportes Iquique
21%
Paraguay Guaraní
21%
Uruguay Montevideo City Torque
21%
Brasil Ceará
14%
Brasil Chapecoense
14%
Colombia Deportes Tolima
14%
Perú Binacional
7%
Uruguay Fénix
7%
Paraguay General Caballero
7%
Colombia Rionegro Águilas
7%
Bolivia Deportivo Guabirá
0%
Venezuela Deportivo La Guaira
0%
Colombia Independiente Santa Fé
0%
No se encontraron pruebas coincidentes
Distribución de puntuación
Porcentaje de gente con cada puntuación
Porcentaje por número respondido
Historial de tus puntuaciones
No has intentado esta prueba.